| 000 | 00544cam a22002171 4500 | ||
|---|---|---|---|
| 001 | ne 68001889 | ||
| 003 | DLC | ||
| 005 | 20260227111842.0 | ||
| 008 | 950531s1948 xx b 000 0 arao | ||
| 010 | _ane 68001889 | ||
| 035 | _a(OCoLC)32577213 | ||
| 040 |
_aDLC _cCU _dCU _dDLC |
||
| 042 | _apremarc | ||
| 050 | 0 | 0 |
_aPJ6161 _b.N3 |
| 100 | 1 | _aNawfal, Sayyid. | |
| 245 | 1 | 3 | _aal-Balāghah al-ʻArabīyah. |
| 260 | _c1948. | ||
| 300 |
_a11, 176 p. _c20 cm. |
||
| 504 | _aBibliographical footnotes. | ||
| 650 | 0 |
_aArabic language _xRhetoric. |
|
| 999 |
_c50387 _d50387 |
||